|
|
|
|
| LEADER |
00000nam a2200000Ii 4500 |
| 001 |
DIGEDUNAV0414 |
| 003 |
NyNyDIG |
| 006 |
m o d |
| 007 |
cr ||||||||||| |
| 008 |
220610s2007 sp a ob 000 0 spa d |
| 035 |
|
|
|a (OCoLC)1333701303
|
| 040 |
|
|
|a DGITA
|b eng
|e rda
|e pn
|c DGITA
|
| 020 |
|
|
|z 9788431324599
|
| 041 |
1 |
|
|a spa
|h lat
|
| 050 |
1 |
4 |
|a B765.J33 ebook
|
| 100 |
1 |
|
|a Erigena, Johannes Scotus,
|d approximately 810-approximately 877,
|e author.
|
| 240 |
1 |
0 |
|a De divisione naturae.
|l Spanish
|s (Velázquez and Arias)
|
| 245 |
1 |
0 |
|a Sobre las naturalezas :
|b Periphyseon /
|c Juan Escoto Eriúgena ; introducción y notas de Lorenzo Velázquez ; traducción castellana de Pedro Arias y Lorenzo Velázquez
|
| 246 |
3 |
0 |
|a Periphyseon
|
| 264 |
|
1 |
|a Pamplona, España :
|b EUNSA, Ediciones Universidad de Navarra,
|c [2007]
|
| 300 |
|
|
|a 1 online resource :
|b illustrations.
|
| 336 |
|
|
|a text
|b txt
|2 rdacontent
|
| 337 |
|
|
|a computer
|b c
|2 rdamedia
|
| 338 |
|
|
|a online resource
|b cr
|2 rdacarrier
|
| 347 |
|
|
|a text file
|2 rdaft
|
| 347 |
|
|
|b PDF
|
| 490 |
1 |
|
|a Colección de pensamiento medieval y renacentista ;
|v no. 88
|
| 504 |
|
|
|a Includes bibliographical references.
|
| 588 |
0 |
|
|a Online resource; title from PDF title page (Digitalia, viewed June 10, 2022)
|
| 650 |
|
0 |
|a Philosophy of nature
|v Early works to 1800.
|
| 655 |
|
0 |
|a Electronic books.
|
| 700 |
1 |
|
|a Velázquez, Lorenzo,
|e contributor agent of text,
|e translator.
|
| 700 |
1 |
|
|a Arias, Pedro
|c (Translator),
|e translator.
|
| 700 |
1 |
|
|i Translation of:
|a Erigena, Johannes Scotus,
|d approximately 810-approximately 877.
|t De divisione naturae.
|
| 791 |
2 |
|
|a Digitalia (Firm),
|e distributor.
|
| 793 |
0 |
|
|g Digitalia eBook Collection:
|a Ediciones Universidad de Navarra
|
| 776 |
0 |
8 |
|i Print version:
|a Erigena, Johannes Scotus, approximately 810-approximately 877.
|s De divisione naturae. Spanish (Velázquez and Arias).
|t Sobre las naturalezas.
|b Primera edición.
|d Pamplona, España : EUNSA, Ediciones Universidad de Navarra, [2007]
|z 9788431324599
|
| 830 |
|
0 |
|a Colección de pensamiento medieval y renacentista ;
|v núm. 88.
|
| 856 |
4 |
0 |
|3 Digitalia Hispánica
|u https://www.digitaliapublishing.com/a/51628/
|
| 910 |
|
|
|a Premium collection: 2022
|